000
00330nam a22001457a 4500
008
210514b ||||| |||| 00| 0 eng d
020
_a
9781618533135
041
_a
eng
080
_a
330.722.6
082
_a
330.722.6
100
_a
61
101
_a
KF
245
_a
Intermediate Accounting
_c
Michelle Hanlon
942
_2
udc
_c
BK
999
_c
57359
_d
57359